000 00381nam a2200169Ia 4500
001 10901
003 IN-NITTTR
005 20251114233102.0
008 251113s9999||||xx |||||||||||||| ||eng||
040 _beng
040 _cIN-NITTTR
041 _aeng
082 _a301.W898I
100 _aWorsley, Peter
245 0 _aIntroducing sociology /
_cWorsley, Peter
942 _2ddc
_cBK
999 _c13537
_d13537